| 000 | 00713nam a2200217 u 4500 | ||
|---|---|---|---|
| 005 | 20240524063644.0 | ||
| 008 | 150120s2007 ea r 000 0 spa d | ||
| 020 | _a1404827048 (10 dígitos) | ||
| 020 | _a9781404827042 (13 dígitos) | ||
| 035 | _aUPN01000201306 | ||
| 049 | _aI | ||
| 050 | 4 |
_aPZ73 _bK3.4 |
|
| 100 | 1 |
_aKalz, Jill _936772 |
|
| 245 | 1 | 0 |
_aLuis y la lamparilla / _cJill Kalz ; il. Thomas Spence ; tr. Clara Lozano. |
| 260 |
_aMinneapolis, E.U.A. : _bPicture Window Books, _c2007. |
||
| 300 |
_a24 p. : _bprincipalmente il. col. |
||
| 440 | 0 |
_aRead-it readers. _pNivel azul |
|
| 650 | 4 |
_aImaginación en niños _912146 |
|
| 650 | 7 |
_aLibros ilustrados para niños _2 _921365 |
|
| 905 | _aInfantil | ||
| 999 |
_c173407 _d173407 |
||